[Event "HUN-chT2 Toth 0506"]
[Site "Hungary"]
[Date "2005.11.13"]
[Round "3"]
[White "Vereczkei, Laszlo"]
[Black "Deutsch, Istvan"]
[Result "1/2-1/2"]
[WhiteElo "2095"]
[BlackElo "2119"]
[PlyCount "24"]
[EventDate "2005.10.16"]
[EventType "team"]
[EventRounds "11"]
[EventCountry "HUN"]
[SourceTitle "EXT 2009"]
[Source "ChessBase"]
[SourceDate "2008.11.26"]
[SourceVersion "1"]
[SourceVersionDate "2008.11.26"]
[SourceQuality "1"]
[WhiteTeam "Bekes"]
[BlackTeam "Battonya"]
[WhiteTeamCountry "HUN"]
[BlackTeamCountry "HUN"]

1. e4 Nc6 2. d4 d5 3. e5 Bf5 4. c3 e6 5. Bd3 Nge7 6. Ne2 Qd7 7. a4 f6 8. f4 Bxd3 9. Qxd3 fxe5 10. fxe5 Nf5 11. Nd2 Be7 12. 0-0 0-0 1/2-1/2

[Event "HUN-chT2 Toth 0405"]
[Site "Hungary"]
[Date "2005.01.23"]
[Round "6"]
[White "Deutsch, Istvan"]
[Black "Brhlik, Gyorgy"]
[Result "1/2-1/2"]
[WhiteElo "2131"]
[BlackElo "2109"]
[PlyCount "102"]
[EventDate "2004.09.26"]
[EventType "team"]
[EventRounds "11"]
[EventCountry "HUN"]
[SourceTitle "EXT 2009"]
[Source "ChessBase"]
[SourceDate "2008.11.26"]
[SourceVersion "1"]
[SourceVersionDate "2008.11.26"]
[SourceQuality "1"]
[WhiteTeam "Battonya"]
[BlackTeam "Bekes"]
[WhiteTeamCountry "HUN"]
[BlackTeamCountry "HUN"]

1. g4 d5 2. Bg2 c6 3. h3 e5 4. d4 Nd7 5. e4 dxe4 6. dxe5 Qa5+ 7. Nc3 Bb4 8. Bd2 Qxe5 9. Qe2 f5 10. gxf5 Ngf6 11. 0-0-0 Nb6 12. Nxe4 Bxd2+ 13. Qxd2 0-0 14. Ng3 Nc4 15. Qd4 Qxd4 16. Rxd4 Nb6 17. Nf3 Bd7 18. Ne5 Rae8 19. f4 Bc8 20. c4 Rd8 21. Rhd1 Rxd4 22. Rxd4 Re8 23. b3 Kf8 24. Be4 Nbd7 25. Nxd7+ Bxd7 26. Bc2 Bc8 27. Kd2 c5 28. Rd3 b6 29. Re3 Rxe3 30. Kxe3 Bb7 31. Be4 Bc8 32. a3 a5 33. Ne2 Ke7 34. Nc3 Bd7 35. Bf3 Bxf5 36. Na4 Bc2 37. Nxb6 Bxb3 38. Kd2 Ke6 39. Kc3 a4 40. Kd3 Kd6 41. Nd5 Nxd5 42. Bxd5 Ba2 43. Kc2 Bb3+ 44. Kc3 h6 45. h4 Bd1 46. Be4 Bg4 47. Bc2 Bd7 48. Kd2 Bc6 49. Ke3 Ke6 50. Kf2 Kf6 51. Kg3 Bd7 1/2-1/2

[Event "HUN-chT2 Toth 0304"]
[Site "Hungary"]
[Date "2003.11.16"]
[Round "3"]
[White "Deutsch, Istvan"]
[Black "Haragos, Kalman"]
[Result "1/2-1/2"]
[WhiteElo "2097"]
[BlackElo "2111"]
[PlyCount "44"]
[EventDate "2003.09.28"]
[EventType "team"]
[EventRounds "11"]
[EventCountry "HUN"]
[SourceTitle "EXT 2009"]
[Source "ChessBase"]
[SourceDate "2008.11.26"]
[SourceVersion "1"]
[SourceVersionDate "2008.11.26"]
[SourceQuality "1"]
[WhiteTeam "Battonya"]
[BlackTeam "GYDSE"]
[WhiteTeamCountry "HUN"]
[BlackTeamCountry "HUN"]

1. e4 c5 2. Nf3 e6 3. Nc3 a6 4. a4 Nc6 5. g3 d6 6. Bg2 Nf6 7. 0-0 Be7 8. b3 0-0 9. Bb2 Qc7 10. d3 b6 11. e5 dxe5 12. Nxe5 Bb7 13. Nxc6 Bxc6 14. Ne4 Nxe4 15. Bxe4 Bxe4 16. dxe4 Rfd8 17. Qe2 Qc6 18. Rfd1 b5 19. Rxd8+ Rxd8 20. axb5 axb5 21. Ra7 Rd7 22. Ra5 c4 1/2-1/2

[Event "HUN-chT2 Toth 0304"]
[Site "Hungary"]
[Date "2003.10.05"]
[Round "2"]
[White "Balog, Imre"]
[Black "Deutsch, Istvan"]
[Result "0-1"]
[WhiteElo "2086"]
[BlackElo "2097"]
[PlyCount "106"]
[EventDate "2003.09.28"]
[EventType "team"]
[EventRounds "11"]
[EventCountry "HUN"]
[SourceTitle "EXT 2009"]
[Source "ChessBase"]
[SourceDate "2008.11.26"]
[SourceVersion "1"]
[SourceVersionDate "2008.11.26"]
[SourceQuality "1"]
[WhiteTeam "Bekes"]
[BlackTeam "Battonya"]
[WhiteTeamCountry "HUN"]
[BlackTeamCountry "HUN"]

1. f4 d5 2. Nf3 g6 3. e3 Bg4 4. h3 Bxf3 5. Qxf3 c6 6. d4 e6 7. Bd3 f5 8. Nd2 Nf6 9. 0-0 Nbd7 10. c4 Ne4 11. Bxe4 dxe4 12. Qe2 Bg7 13. Rb1 c5 14. Nb3 Qe7 15. Rd1 0-0 16. Nxc5 Nxc5 17. dxc5 Qxc5 18. b4 Qc7 19. Ba3 Rfd8 20. c5 e5 21. g3 exf4 22. gxf4 g5 23. Qg2 gxf4 24. exf4 Qxf4 25. Bb2 Qh6 26. Kh1 Kf7 27. Rf1 Bxb2 28. Rxf5+ Bf6 29. Rbf1 Re8 30. Rxf6+ Qxf6 31. Rxf6+ Kxf6 32. Qf2+ Ke5 33. Qe3 Rad8 34. b5 Rd1+ 35. Kg2 Red8 36. Qg5+ Ke6 37. Qh6+ Ke5 38. c6 bxc6 39. Qxc6 Kd4 40. Qf6+ Kc4 41. Qe6+ Kd3 42. Qb3+ Ke2 43. Qc4+ Ke3 44. Qc5+ Kd3 45. Qxa7 Rd2+ 46. Kg1 e3 47. Qxh7+ Ke2 48. Qh5+ Ke1 49. Qh4+ Kd1 50. Qh7 R2d3 51. Qh4 R8d4 52. Qh5+ e2 53. b6 Rxh3 0-1

[Event "Budapest Spring op 19th"]
[Site "Budapest"]
[Date "2003.03.15"]
[Round "2"]
[White "Deutsch, Istvan"]
[Black "Habibi, Ali"]
[Result "0-1"]
[WhiteElo "2155"]
[BlackElo "2276"]
[PlyCount "78"]
[EventDate "2003.03.14"]
[EventType "swiss"]
[EventRounds "9"]
[EventCountry "HUN"]
[SourceTitle "CBM 093 Extra"]
[Source "ChessBase"]
[SourceDate "2003.05.09"]
[SourceVersion "1"]
[SourceVersionDate "2003.05.09"]
[SourceQuality "1"]

1. g4 d5 2. Bg2 c6 3. h3 e5 4. d4 e4 5. c4 f5 6. cxd5 cxd5 7. e3 Nf6 8. gxf5 Bxf5 9. Nc3 Nc6 10. Nge2 Bd6 11. Qb3 Qd7 12. a3 Be6 13. Bd2 Rc8 14. Rc1 0-0 15. Ng3 Na5 16. Qb5 Rxc3 17. Qxa5 Rxc1+ 18. Bxc1 b6 19. Qd2 Bxg3 20. fxg3 Qc7 21. 0-0 Qxg3 22. Qf2 Qg6 23. Kh2 Ng4+ 24. hxg4 Rxf2 25. Rxf2 Bxg4 26. Bd2 a5 27. b4 Qh5+ 28. Kg1 a4 29. b5 h6 30. Rf4 Be2 31. Bb4 Bxb5 32. Rf8+ Kh7 33. Bd6 Qd1+ 34. Kh2 Qd2 35. Be5 g5 36. Rf6 Be2 37. Rf7+ Kg6 38. Rf6+ Kh5 39. Bg3 Bf3 0-1

[Event "HUN-chT2 Toth 0203"]
[Site "Hungary"]
[Date "2003.01.19"]
[Round "5"]
[White "Deutsch, Istvan"]
[Black "Diamant, Tibor"]
[Result "0-1"]
[WhiteElo "2196"]
[BlackElo "2128"]
[PlyCount "90"]
[EventDate "2002.09.22"]
[EventType "team"]
[EventRounds "11"]
[EventCountry "HUN"]
[SourceTitle "EXT 2009"]
[Source "ChessBase"]
[SourceDate "2008.11.26"]
[SourceVersion "1"]
[SourceVersionDate "2008.11.26"]
[SourceQuality "1"]

1. g4 d5 2. Bg2 c6 3. h3 e5 4. d4 Bd6 5. e4 dxe4 6. dxe5 Bxe5 7. Qxd8+ Kxd8 8. Bxe4 Nf6 9. Bg2 Re8 10. Ne2 Be6 11. 0-0 Nbd7 12. Nd2 Bd5 13. Ng3 Kc7 14. Nf3 Bxg3 15. fxg3 Re2 16. Bf4+ Kb6 17. Rf2 Rae8 18. Rxe2 Rxe2 19. Rc1 h6 20. Kf1 Re8 21. c4 Be4 22. b4 a5 23. a3 g5 24. Bd6 Bd3+ 25. Kg1 axb4 26. axb4 Ne4 27. c5+ Kb5 28. Rd1 Kc4 29. Bc7 Nc3 30. Rc1 Kxb4 31. Ba5+ Kxa5 32. Rxc3 Bb5 33. Nd4 Kb4 34. Nxb5 cxb5 35. Rf3 Nxc5 36. Rxf7 Re6 37. h4 gxh4 38. gxh4 b6 39. Kh2 Nd3 40. Kg3 Re3+ 41. Rf3 Rxf3+ 42. Bxf3 Kc3 43. Be2 b4 44. h5 b3 45. g5 b2 0-1